[Event "Thueringen-ch HT"]
[Site "Finsterbergen"]
[Date "2000.04.22"]
[Round "6"]
[White "Baecher, Reinhard"]
[Black "Kirste, Olaf"]
[Result "1-0"]
[WhiteElo "1953"]
[BlackElo "1845"]
[PlyCount "55"]
[EventDate "2000.05.??"]
[EventType "swiss"]
[EventRounds "9"]
[EventCountry "GER"]
[SourceTitle "EXT 2005"]
[Source "ChessBase"]
[SourceDate "2004.11.15"]
[SourceVersion "1"]
[SourceVersionDate "2004.11.15"]
[SourceQuality "1"]

1. e4 c5 2. Nf3 e6 3. d4 cxd4 4. Nxd4 Nf6 5. Nc3 d6 6. f4 a6 7. Be3 Qc7 8. Be2 Be7 9. 0-0 b5 10. Bf3 Bb7 11. a3 0-0 12. Qe2 Rd8 13. Rad1 Nbd7 14. Kh1 Nc5 15. Bc1 d5 16. e5 Nfe4 17. Nxe4 Nxe4 18. Bg4 g6 19. Rf3 Re8 20. Rh3 Bd8 21. Be3 Rc8 22. Qf3 Qe7 23. f5 exf5 24. Nxf5 gxf5 25. Bxf5 f6 26. Rxh7 Qxh7 27. Bxh7+ Kxh7 28. Qh5+ 1-0

[Event "Thueringen-ch HT"]
[Site "Finsterbergen"]
[Date "2000.04.21"]
[Round "4"]
[White "Baecher, Reinhard"]
[Black "Fuchs, Antje"]
[Result "0-1"]
[WhiteElo "1953"]
[BlackElo "2012"]
[PlyCount "92"]
[EventDate "2000.05.??"]
[EventType "swiss"]
[EventRounds "9"]
[EventCountry "GER"]
[SourceTitle "EXT 2005"]
[Source "ChessBase"]
[SourceDate "2004.11.15"]
[SourceVersion "1"]
[SourceVersionDate "2004.11.15"]
[SourceQuality "1"]

1. e4 c5 2. Nf3 d6 3. d4 cxd4 4. Nxd4 Nf6 5. Nc3 a6 6. Be2 e5 7. Nb3 Be7 8. 0-0 Be6 9. Bg5 Nbd7 10. Kh1 b5 11. Bf3 Rc8 12. a3 Qc7 13. Rc1 0-0 14. Qd2 Rfe8 15. Rfd1 h6 16. Be3 Nb6 17. Be2 Qb8 18. Na5 d5 19. Nxd5 Nbxd5 20. exd5 Bxd5 21. c4 bxc4 22. Nxc4 Rcd8 23. Qc3 Qb7 24. f3 e4 25. f4 Rc8 26. Qa5 Bxc4 27. Bxc4 Qxb2 28. a4 Qa3 29. Bb6 e3 30. Ra1 Qb4 31. Qxb4 Bxb4 32. Bxa6 e2 33. Bxc8 exd1Q+ 34. Rxd1 Rxc8 35. a5 Ne4 36. a6 Bc5 37. Bxc5 Rxc5 38. Re1 Ra5 39. g4 Nf2+ 40. Kg2 Nxg4 41. Re8+ Kh7 42. h3 Nf6 43. Re7 Rxa6 44. Rxf7 Nh5 45. Rf5 Kg6 46. Rf8 Rf6 0-1